000 00434nam a2200181Ia 4500
005 20250603144916.0
008 250603s9999 xx 000 0 und d
020 _a9783502506
050 _aPN 4784.B75 .O53/
100 _aOnabajo, Olufemi
245 0 _aEssentials of broadcast writing and production
260 _aLagos
260 _bGabi Concept Ltd.
260 _c1999
300 _a191 p
650 _aLagos
942 _cBK
999 _c40311
_d40311